{"text_format":"3","workbook":"xlsx","n_sheets":10,"sheets":["7 дев.","8 дев.","9 дев.","10 дев.","11 дев.","7 мал.","8 мал.","9 мал.","10 мал.","11 мал."],"not_rendered":{"defined_names":10},"read":"whole","date_system":"1900"}

{"sheet":"7 дев.","index":0,"n_rows":19,"n_cols":16,"rows_kept":19,"merged":[[0,0,0,15]]}
["Протокол по итогам муниципального этапа РОШ по предмету \"ТЕХНОЛОГИЯ\" Нижнекамского муниципального района в 2023-2024 учебном году"]
[]
["№","Фамилия","Имя","Отчество","Пол","Класс","Класс участия","Первичный балл","Добавлено по итогам апелляции","Итоговый балл","Макс. балл","Статус","Призер РЭ прошлого года","Учитель","Профиль / Направление","Виды практик"]
[1,"Омельченко","Ксения","Сергеевна","ж",7,7,97.5,null,97.5,100,"Победитель","нет","Гаранина Елена Олеговна","2 - Культура дома, дизайн и технологии","2.2 Механическая обработка швейного изделия или узла"]
[2,"Богомягкова","Элина","Александровна","ж",7,7,83.5,null,83.5,100,"Призер","нет","Жданова Марина Александровна","2 - Культура дома, дизайн и технологии","2.2 Механическая обработка швейного изделия или узла"]
[3,"Шарафиева","Илана","Рамилевна","ж",7,7,82.5,null,82.5,100,"Призер","нет","Шимановская Любовь Михайловна","2 - Культура дома, дизайн и технологии","2.2 Механическая обработка швейного изделия или узла"]
[4,"Сафина","Алина","Ильдаровна","ж",7,7,60,null,60,100,"участник","нет","Неустроева Светлана Габдульхатовна","2 - Культура дома, дизайн и технологии","2.2 Механическая обработка швейного изделия или узла"]
[5,"Сахапова","Зарина","Алмазовна","ж",6,7,55.5,null,55.5,100,"участник","нет","Новичкова Лилия Дахировна","2 - Культура дома, дизайн и технологии","2.2 Механическая обработка швейного изделия или узла"]
[6,"Ганиева","Лейсан","Рамисовна","ж",7,7,51,null,51,100,"участник","нет","Грекова Любовь Адреевна","2 - Культура дома, дизайн и технологии","2.2 Механическая обработка швейного изделия или узла"]
[7,"Ганиева","Зарина","Айвазовна","ж",7,7,47,null,47,100,"участник","нет","Хабирова Айгуль Миншакировна","2 - Культура дома, дизайн и технологии","2.2 Механическая обработка швейного изделия или узла"]
[8,"Лоскутова","Дарья","Дмитриевна","ж",7,7,46.5,null,46.5,100,"участник","нет","Григорьева Ульяна Николаевна","2 - Культура дома, дизайн и технологии","2.2 Механическая обработка швейного изделия или узла"]
[9,"Давлетшина","Ильвира","Ильсуровна","ж",7,7,41.5,null,41.5,100,"участник","нет","Сибгатуллина Гульчачак Гайнетдиновна","2 - Культура дома, дизайн и технологии","2.2 Механическая обработка швейного изделия или узла"]
[10,"Проскурина","Екатерина","Павловна","ж",7,7,39,null,39,100,"участник","нет","Бахтиозина Любовь Валентиновна","2 - Культура дома, дизайн и технологии","2.2 Механическая обработка швейного изделия или узла"]
[11,"Сафина","Самира","Рамилевна","ж",7,7,35,null,35,100,"участник","нет","Шарафутдинова Резеда Инсафовна","2 - Культура дома, дизайн и технологии","2.2 Механическая обработка швейного изделия или узла"]
[12,"Фудина","Арина","Николаевна","ж",7,7,35,null,35,100,"участник","нет","Григорьева Ульяна Николаевна","2 - Культура дома, дизайн и технологии","2.2 Механическая обработка швейного изделия или узла"]
[13,"Валиуллина","Замира","Фанзилевна","ж",7,7,32,null,32,100,"участник","нет","Иванова Римма Петровна","2 - Культура дома, дизайн и технологии","2.2 Механическая обработка швейного изделия или узла"]
[14,"Зинатулина","Вероника","Андреевна","ж",7,7,30,null,30,100,"участник","нет","Иванова Елена Викторовна","2 - Культура дома, дизайн и технологии","2.2 Механическая обработка швейного изделия или узла"]
[15,"Муравьева","Илона","Викторовна","ж",7,7,28,null,28,100,"участник","нет","Старостина Наталья Геннадьевна","2 - Культура дома, дизайн и технологии","2.2 Механическая обработка швейного изделия или узла"]
[16,"Фролова","Анна","Артемовна","ж",7,7,22,null,22,100,"участник","нет","Носкова Валентина Николаевна","2 - Культура дома, дизайн и технологии","2.2 Механическая обработка швейного изделия или узла"]

{"sheet":"8 дев.","index":1,"n_rows":13,"n_cols":16,"rows_kept":13,"merged":[[0,0,0,15]]}
["Протокол по итогам муниципального этапа РОШ по предмету \"ТЕХНОЛОГИЯ\" Нижнекамского муниципального района в 2023-2024 учебном году"]
[]
["№","Фамилия","Имя","Отчество","Пол","Класс","Класс участия","Первичный балл","Добавлено по итогам апелляции","Итоговый балл","Макс. балл","Статус","Призер РЭ прошлого года","Учитель","Профиль / Направление","Виды практик"]
[1,"Конюхова","Варвара","Львовна","ж",8,8,87,null,87,100,"Победитель","да","Матвеева Надежда Михайловна","2 - Культура дома, дизайн и технологии","2.2 Механическая обработка швейного изделия или узла"]
[2,"Гарипова","Лилиана","Руслановна","ж",8,8,72,null,72,100,"Призер","нет","Грекова Любовь Адреевна","2 - Культура дома, дизайн и технологии","2.2 Механическая обработка швейного изделия или узла"]
[3,"Тосич","София","Степановна","ж",8,8,62.5,null,62.5,100,"участник","нет","Харисова Гульнара Мирзануровна","2 - Культура дома, дизайн и технологии","2.2 Механическая обработка швейного изделия или узла"]
[4,"Мухаметова","Карина","Ленаровна","ж",8,8,60.5,null,60.5,100,"участник","нет","Мухаметова Айгуль Ильдаровна","2 - Культура дома, дизайн и технологии","2.2 Механическая обработка швейного изделия или узла"]
[5,"Альмухаметова","Аида","Радиковна","ж",8,8,59,null,59,100,"участник","нет","Грекова Любовь Адреевна","2 - Культура дома, дизайн и технологии","2.2 Механическая обработка швейного изделия или узла"]
[6,"Сосунова","Виктория","Андреевна","ж",8,8,49.5,null,49.5,100,"участник","нет","Неизвестная Светлана Николаевна","2 - Культура дома, дизайн и технологии","2.2 Механическая обработка швейного изделия или узла"]
[7,"Иванова","Каролина","Аркадьевна","ж",8,8,47,null,47,100,"участник","нет","Мухаметова Айгуль Ильдаровна","2 - Культура дома, дизайн и технологии","2.2 Механическая обработка швейного изделия или узла"]
[8,"Шулаева","Сабрина","Денисовна","ж",8,8,42.5,null,42.5,100,"участник","нет","Шакирова Диляра Альфатовна","2 - Культура дома, дизайн и технологии","2.2 Механическая обработка швейного изделия или узла"]
[9,"Батыршина","Арина","Алмазовна","ж",8,8,38.5,null,38.5,100,"участник","нет","Торошина Ирина Александровна","2 - Культура дома, дизайн и технологии","2.2 Механическая обработка швейного изделия или узла"]
[10,"Плотникова","Ангелина","Эдгаровна","ж",8,8,31,null,31,100,"участник","нет","Григорьева Ульяна Николаевна","2 - Культура дома, дизайн и технологии","2.2 Механическая обработка швейного изделия или узла"]

{"sheet":"9 дев.","index":2,"n_rows":13,"n_cols":16,"rows_kept":13,"merged":[[0,0,0,15]]}
["Протокол по итогам муниципального этапа ВсОШ по предмету \"ТЕХНОЛОГИЯ\" Нижнекамского муниципального района в 2023-2024 учебном году"]
[]
["№","Фамилия","Имя","Отчество","Пол","Класс","Класс участия","Первичный балл","Добавлено по итогам апелляции","Итоговый балл","Макс. балл","Статус","Призер РЭ прошлого года","Учитель","Профиль / Направление","Виды практик"]
[1,"Салахутдинова","Данэля","Ринатовна","ж",8,9,98,null,98,100,"Победитель","да","Гаранина Елена Олеговна","2 - Культура дома, дизайн и технологии","2.2 Механическая обработка швейного изделия или узла"]
[2,"Фассахутдинова","Лэйла","Ленаровна","ж",9,9,97.5,null,97.5,100,"Призер","нет","Гаранина Елена Олеговна","2 - Культура дома, дизайн и технологии","2.2 Механическая обработка швейного изделия или узла"]
[3,"Артемьева","Арина","Викторовна","ж",9,9,93,null,93,100,"Призер","нет","Гаранина Елена Олеговна","2 - Культура дома, дизайн и технологии","2.5 Практика по работе на лазерно-гравировальном станке"]
[4,"Бабихина","Алина","Николаевна","ж",8,9,93,null,93,100,"Призер","да","Жданова Марина Александровна","2 - Культура дома, дизайн и технологии","2.2 Механическая обработка швейного изделия или узла"]
[5,"Юнусова","Самира","Загитовна","ж",9,9,93,null,93,100,"Призер","нет","Гаранина Елена Олеговна","2 - Культура дома, дизайн и технологии","2.5 Практика по работе на лазерно-гравировальном станке"]
[6,"Кадырова","Зарина","Ленаровна","ж",9,9,72.5,null,72.5,100,"участник","нет","Неустроева Светлана Габдульхатовна","2 - Культура дома, дизайн и технологии","2.2 Механическая обработка швейного изделия или узла"]
[7,"Гафарова","Адиля","Гельфановна","ж",9,9,54,null,54,100,"участник","нет","Долганова Ольга Викторовна","2 - Культура дома, дизайн и технологии","2.2 Механическая обработка швейного изделия или узла"]
[8,"Камалова","Диана","Ильнаровна","ж",9,9,46,null,46,100,"участник","нет","Сибгатуллина Гульчачак Гайнетдиновна","2 - Культура дома, дизайн и технологии","2.2 Механическая обработка швейного изделия или узла"]
[9,"Нуруллина","Гузель","Маратовна","ж",9,9,44,null,44,100,"участник","нет","Куркульская Миннур Вагизовна","2 - Культура дома, дизайн и технологии","2.2 Механическая обработка швейного изделия или узла"]
[10,"Семененко","Надежда","Сергеевна","ж",9,9,14,null,14,100,"участник","нет","Шульга Гульнара Альбертовна","2 - Культура дома, дизайн и технологии","2.2 Механическая обработка швейного изделия или узла"]

{"sheet":"10 дев.","index":3,"n_rows":7,"n_cols":16,"rows_kept":7,"merged":[[0,0,0,15]]}
["Протокол по итогам муниципального этапа ВсОШ по предмету \"ТЕХНОЛОГИЯ\" Нижнекамского муниципального района в 2023-2024 учебном году"]
[]
["№","Фамилия","Имя","Отчество","Пол","Класс","Класс участия","Первичный балл","Добавлено по итогам апелляции","Итоговый балл","Макс. балл","Статус","Призер РЭ прошлого года","Учитель","Профиль / Направление","Виды практик"]
[1,"Гришина","Анастасия","Кирилловна","ж",10,10,92,null,92,100,"Победитель","да","Гаранина Елена Олеговна","2 - Культура дома, дизайн и технологии","2.2 Механическая обработка швейного изделия или узла"]
[2,"Якимова","Юлия","Олеговна","ж",10,10,83,null,83,100,"Призер","да","Жданова Марина Александровна","2 - Культура дома, дизайн и технологии","2.2 Механическая обработка швейного изделия или узла"]
[3,"Засеева","Алина","Сослановна","ж",10,10,42,null,42,100,"участник","нет","Бахтиозина Любовь Валентиновна","2 - Культура дома, дизайн и технологии","2.2 Механическая обработка швейного изделия или узла"]
[4,"Волкова","Ксения","Александровна","ж",10,10,15,null,15,100,"участник","нет","Мухаметова Айгуль Ильдаровна","2 - Культура дома, дизайн и технологии","2.2 Механическая обработка швейного изделия или узла"]

{"sheet":"11 дев.","index":4,"n_rows":6,"n_cols":16,"rows_kept":6,"merged":[[0,0,0,15]]}
["Протокол по итогам муниципального этапа ВсОШ по предмету \"ТЕХНОЛОГИЯ\" Нижнекамского муниципального района в 2023-2024 учебном году"]
[]
["№","Фамилия","Имя","Отчество","Пол","Класс","Класс участия","Первичный балл","Добавлено по итогам апелляции","Итоговый балл","Макс. балл","Статус","Призер РЭ прошлого года","Учитель","Профиль / Направление","Виды практик"]
[1,"Ермакова","Злата","Вячеславовна","ж",11,11,89,null,89,100,"Победитель","да","Жданова Марина Александровна","2 - Культура дома, дизайн и технологии","2.2 Механическая обработка швейного изделия или узла"]
[2,"Ахунова","Амиля","Эдуардовна","ж",11,11,51.5,null,51.5,100,"участник","нет","Шульга Гульнара Альбертовна","2 - Культура дома, дизайн и технологии","2.2 Механическая обработка швейного изделия или узла"]
[3,"Михайлова","Екатерина","Константиновна","ж",11,11,43,null,43,100,"участник","нет","Чугайнова Марина Валентиновна","2 - Культура дома, дизайн и технологии","2.2 Механическая обработка швейного изделия или узла"]

{"sheet":"7 мал.","index":5,"n_rows":11,"n_cols":16,"rows_kept":11,"merged":[[0,0,0,15]]}
["Протокол по итогам муниципального этапа РОШ по предмету \"ТЕХНОЛОГИЯ\" Нижнекамского муниципального района в 2023-2024 учебном году"]
[]
["№","Фамилия","Имя","Отчество","Пол","Класс","Класс участия","Первичный балл","Добавлено по итогам апелляции","Итоговый балл","Макс. балл","Статус","Призер РЭ прошлого года","Учитель","Профиль / Направление","Виды практик"]
[1,"Ахметшин","Румиль","Ильфатович","м",7,7,89,null,89,100,"Победитель","нет","Попов Анатолий Иванович","1 - Техника, технологии и техническое творчество","1.1 Практика по ручной деревообработке"]
[2,"Рябов","Артём","Сергеевич","м",7,7,60.5,null,60.5,100,"участник","нет","Краснов Леонид Васильевич","1 - Техника, технологии и техническое творчество","1.1 Практика по ручной деревообработке"]
[3,"Казаков","Алексей","Владимирович","м",7,7,57.5,null,57.5,100,"участник","нет","Скорич Григорий Иванович","1 - Техника, технологии и техническое творчество","1.1 Практика по ручной деревообработке"]
[4,"Сытин","Михаил","Константинович","м",7,7,54,null,54,100,"участник","нет","Гилязеев Рамиль Фаридович","4 - Информационная безопасность"]
[5,"Пермяков","Олег","Андреевич","м",7,7,50,null,50,100,"участник","нет","Гилязеев Рамиль Фаридович","4 - Информационная безопасность"]
[6,"Гафиятов","Дамир","Ильдусович","м",7,7,39,null,39,100,"участник","нет","Бикмуллин Алмаз Равилевич","1 - Техника, технологии и техническое творчество","1.1 Практика по ручной деревообработке"]
[7,"Костин","Юрий","Александрович","м",7,7,32.5,null,32.5,100,"участник","нет","Шарипов Альфред Юнусович","1 - Техника, технологии и техническое творчество","1.1 Практика по ручной деревообработке"]
[8,"Галимов","Дмитрий","Илнурович","м",7,7,29,null,29,100,"участник","нет","Николаев Юрий Львович","1 - Техника, технологии и техническое творчество","1.1 Практика по ручной деревообработке"]

{"sheet":"8 мал.","index":6,"n_rows":20,"n_cols":16,"rows_kept":20,"merged":[[0,0,0,15]]}
["Протокол по итогам муниципального этапа РОШ по предмету \"ТЕХНОЛОГИЯ\" Нижнекамского муниципального района в 2023-2024 учебном году"]
[]
["№","Фамилия","Имя","Отчество","Пол","Класс","Класс участия","Первичный балл","Добавлено по итогам апелляции","Итоговый балл","Макс. балл","Статус","Призер РЭ прошлого года","Учитель","Профиль / Направление","Виды практик"]
[1,"Хуснутдинов","Ильнур","Фанисович","м",8,8,97,null,97,100,"Победитель","нет","Попов Анатолий Иванович","1 - Техника, технологии и техническое творчество","1.1 Практика по ручной деревообработке"]
[2,"Комиссаров","Дмитрий","Михайлович","м",8,8,69,null,69,100,"Призер","нет","Шураков Геннадий Александрович","1 - Техника, технологии и техническое творчество","1.5 Электрорадиотехника"]
[3,"Поляков","Тимофей","Александрович","м",8,8,54.5,null,54.5,100,"участник","нет","Лысенков Олег Васильевич","1 - Техника, технологии и техническое творчество","1.1 Практика по ручной деревообработке"]
[4,"Мугизов","Ильдар","Ахтямович","м",8,8,49,null,49,100,"участник","нет","Гилязеев Рамиль Фаридович","4 - Информационная безопасность"]
[5,"Каюмов","Ильназ","Рустамович","м",8,8,48.5,null,48.5,100,"участник","нет","Шураков Геннадий Александрович","1 - Техника, технологии и техническое творчество","1.1 Практика по ручной деревообработке"]
[6,"Колесников","Герман","Вадимович","м",8,8,46,null,46,100,"участник","нет","Гилязеев Рамиль Фаридович","4 - Информационная безопасность"]
[7,"Перевозчиков","Андрей","Анатольевич","м",8,8,42,null,42,100,"участник","нет","Николаев Юрий Львович","1 - Техника, технологии и техническое творчество","1.1 Практика по ручной деревообработке"]
[8,"Топоров","Алексей","Евгеньевич","м",8,8,30.5,null,30.5,100,"участник","нет","Краснов Леонид Васильевич","1 - Техника, технологии и техническое творчество","1.8 Промышленный дизайн"]
[9,"Катков","Максим","Алексеевич","м",8,8,29.5,null,29.5,100,"участник","нет","Мингазов Эльмир Равилевич","1 - Техника, технологии и технические творчество","1.6 3D-моделирование и печать"]
[10,"Ситдиков","Алексей","Иванович","м",8,8,27,null,27,100,"участник","нет","Мукасов Рустам Ядикарович","4 - Информационная безопасность"]
[11,"Хадиев","Ильфар","Ильдарович","м",8,8,26.5,null,26.5,100,"участник","нет","Мунасипов Яшар Абдулхаевич","1 - Техника, технологии и техническое творчество","1.1 Практика по ручной деревообработке"]
[12,"Гайфуллин","Карим","Фларидович","м",8,8,24.5,null,24.5,100,"участник","нет","Алпыспаев Николай Заутович","1 - Техника, технологии и техническое творчество","1.1 Практика по ручной деревообработке"]
[13,"Хуснулгатин","Ислам","Рустемович","м",8,8,24.5,null,24.5,100,"участник","нет","Гараева Екатерина Михайловна","3 - Робототехника","3.1 Робототехника"]
[]
[]
[]
[null,null," "]

{"sheet":"9 мал.","index":7,"n_rows":9,"n_cols":16,"rows_kept":9,"merged":[[0,0,0,15]]}
["Протокол по итогам муниципального этапа ВсОШ по предмету \"ТЕХНОЛОГИЯ\" Нижнекамского муниципального района в 2023-2024 учебном году"]
[]
["№","Фамилия","Имя","Отчество","Пол","Класс","Класс участия","Первичный балл","Добавлено по итогам апелляции","Итоговый балл","Макс. балл","Статус","Призер РЭ прошлого года","Учитель","Профиль / Направление","Виды практик"]
[1,"Киямов","Самат","Рустемович","м",9,9,49,null,49,100,"участник","нет","Гилязеев Рамиль Фаридович","4 - Информационная безопасность"]
[2,"Тухватуллин","Ислам","Маратович","м",9,9,44,null,44,100,"участник","нет","Лысенков Олег Васильевич","1 - Техника, технологии и техническое творчество","1.1.Практика по ручной деревообработке"]
[3,"Замалетдинов","Раиль","Маратович","м",9,9,40,null,40,100,"участник","нет","Гилязеев Рамиль Фаридович","4 - Информационная безопасность"]
[4,"Нигматов","Тагир","Ильшатович","м",9,9,37.5,null,37.5,100,"участник","нет","Николаев Юрий Львович","1 - Техника, технологии и техническое творчество","1.1 Практика по ручной деревообработке"]
[5,"Калимуллин","Самат","Ренатович","м",9,9,30,null,30,100,"участник","нет","Исламова Илиза Халафовна","4 - Информационная безопасность"]
[6,"Резяпов","Тимургали","Фларидович","м",9,9,25.5,null,25.5,100,"участник","нет","Куркульская Миннур Вагизовна","1 - Техника, технологии и техническое творчество","1.1.Практика по ручной деревообработке"]

{"sheet":"10 мал.","index":8,"n_rows":12,"n_cols":16,"rows_kept":12,"merged":[[0,0,0,15]]}
["Протокол по итогам муниципального этапа ВсОШ по предмету \"ТЕХНОЛОГИЯ\" Нижнекамского муниципального района в 2023-2024 учебном году"]
[]
["№","Фамилия","Имя","Отчество","Пол","Класс","Класс участия","Первичный балл","Добавлено по итогам апелляции","Итоговый балл","Макс. балл","Статус","Призер РЭ прошлого года","Учитель","Профиль / Направление","Виды практик"]
[1,"Ягафаров","Артур","Ильназович","м",10,10,64,6,70,100,"Призер","нет","Исламова Илиза Халафовна","4 - Информационная безопасность"]
[2,"Шафиков","Карим","Маратович","м",10,10,54.5,null,54.5,100,"участник","да","Новичкова Лилия Дахировна","1 - Техника, технологии и техническое творчество","1.1 Практика по ручной деревообработке"]
[3,"Пименов","Кирилл","Антонович","м",10,10,49.5,null,49.5,100,"участник","нет","Гаранина Елена Олеговна","1 - Техника, технологии и техническое творчество","1.7 Практика по работе на лазерно-гравировальном станке"]
[4,"Костин","Семен","Витальевич","м",10,10,32.5,null,32.5,100,"участник","нет","Хузин Зуфар Закариевич","1 - Техника, технологии и техническое творчество","1. 1 Практика по ручной деревообработке"]
[5,"Джавадов","Тимофей","Динарович","м",10,10,29,null,29,100,"участник","нет","Мукасов Рустам Ядикарович","4 - Информационная безопасность"]
[6,"Хисамеев","Камиль","Марселевич","м",10,10,28,null,28,100,"участник","нет","Гилязеев Рамиль Фаридович","4 - Информационная безопасность"]
[7,"Сагиров","Ирек","Маратович","м",10,10,24.5,null,24.5,100,"участник","нет","Бикмуллин Алмаз Равилевич","1 - Техника, технологии и техническое творчество","1.1 Практика по ручной деревообработке"]
[8,"Ельцов","Илья","Алексеевич","м",10,10,18,null,18,100,"участник","нет","Лысенков Олег Васильевич","1 - Техника, технологии и техническое творчество","1.1 Практика по ручной деревообработке"]
[9,"Прытков","Кирилл","Валерьевич","м",10,10,11,null,11,100,"участник","нет","Вагизов Роланд Альтяфович","1 - Техника, технологии и техническое творчество","1.1 Практика по ручной деревообработке"]

{"sheet":"11 мал.","index":9,"n_rows":5,"n_cols":16,"rows_kept":5,"merged":[[0,0,0,15]]}
["Протокол по итогам муниципального этапа ВсОШ по предмету \"ТЕХНОЛОГИЯ\" Нижнекамского муниципального района в 2023-2024 учебном году"]
[]
["№","Фамилия","Имя","Отчество","Пол","Класс","Класс участия","Первичный балл","Добавлено по итогам апелляции","Итоговый балл","Макс. балл","Статус","Призер РЭ прошлого года","Учитель","Профиль / Направление","Виды практик"]
[1,"Налимов","Вадим","Павлович","м",11,11,34,null,34,100,"участник","нет","Гилязеев Рамиль Фаридович","4 - Информационная безопасность"]
[2,"Мингалимов","Раиль","Рамилевич","м",11,11,16,null,16,100,"участник","нет","Магомедов Руслан Гаябекович","1 - Техника, технологии и техническое творчество","1.1 Практика по ручной деревообработке"]